Visualizzazione normale
Vista MARC
- Sesma Muñoz, José Ángel,
di Personal Name
Records bibliografici associati: 7
001 - CONTROL NUMBER
- control field: 8122
003 - CONTROL NUMBER IDENTIFIER
- control field: IT-RoINE
005 - DATE AND TIME OF LATEST TRANSACTION
- control field: 20141023164553.0
008 - FIXED-LENGTH DATA ELEMENTS
- fixed length control field: 140523|| aca||aabn | a|a d
040 ## - CATALOGING SOURCE
- Original cataloging agency: IT-RoINE
- Transcribing agency: IT-RoINE
100 ## - HEADING--PERSONAL NAME
- Personal name: Sesma Muñoz, José Ángel,
- Dates associated with a name: 1946-
670 ## - SOURCE DATA FOUND
- Source citation: Work cat.: (IT-RoINE)0: Historia de la ciudad de Logroño /, 1994-